<?xml version="1.0" encoding="UTF-8"?><?xml-stylesheet type="text/xsl" href="static/style.xsl"?><OAI-PMH xmlns="http://www.openarchives.org/OAI/2.0/" xmlns:xsi="http://www.w3.org/2001/XMLSchema-instance" xsi:schemaLocation="http://www.openarchives.org/OAI/2.0/ http://www.openarchives.org/OAI/2.0/OAI-PMH.xsd"><responseDate>2026-04-14T21:07:10Z</responseDate><request verb="GetRecord" identifier="oai:uvadoc.uva.es:10324/67366" metadataPrefix="marc">https://uvadoc.uva.es/oai/request</request><GetRecord><record><header><identifier>oai:uvadoc.uva.es:10324/67366</identifier><datestamp>2024-12-20T20:00:54Z</datestamp><setSpec>com_10324_1142</setSpec><setSpec>com_10324_931</setSpec><setSpec>com_10324_894</setSpec><setSpec>col_10324_1259</setSpec></header><metadata><record xmlns="http://www.loc.gov/MARC21/slim" xmlns:doc="http://www.lyncode.com/xoai" xmlns:xsi="http://www.w3.org/2001/XMLSchema-instance" xmlns:dcterms="http://purl.org/dc/terms/" xsi:schemaLocation="http://www.loc.gov/MARC21/slim http://www.loc.gov/standards/marcxml/schema/MARC21slim.xsd">
<leader>00925njm 22002777a 4500</leader>
<datafield tag="042" ind1=" " ind2=" ">
<subfield code="a">dc</subfield>
</datafield>
<datafield tag="720" ind1=" " ind2=" ">
<subfield code="a">Moreno Fernández, Susana</subfield>
<subfield code="e">author</subfield>
</datafield>
<datafield tag="720" ind1=" " ind2=" ">
<subfield code="a">Castelo-Branco, Salwa El-Shawan</subfield>
<subfield code="e">author</subfield>
</datafield>
<datafield tag="260" ind1=" " ind2=" ">
<subfield code="c">2021</subfield>
</datafield>
<datafield tag="520" ind1=" " ind2=" ">
<subfield code="a">Este capítulo se centra en el flamenco como uno de los géneros más representativos de la música española para realizar una revisión y análisis de su trayectoria histórica, cualidades musicales y estéticas, modalidades expresivas, creaciones y figuras destacadas. En él se demuestra que el flamenco es una práctica musical y coreográfica con gran dinamismo a nivel local en España, así como un género que ha generado toda una industria cultural a su alrededor, convertido en atracción turística, que continúa diseminándose como la quintaesencia de las identidades andaluza y española y cuenta con una significativa trascendencia a escala global.</subfield>
</datafield>
<datafield tag="024" ind2=" " ind1="8">
<subfield code="a">Susana Moreno Fernández y Salwa El-Shawan Castelo-Branco. “Music in Spain: Flamenco, Between the Local and the Global”. En Global Music Cultures. An Introduction to World Music, Nueva York-Oxford: Oxford University Press, 2021, pp. 232-251.</subfield>
</datafield>
<datafield tag="024" ind2=" " ind1="8">
<subfield code="a">978-0-19-064364-5</subfield>
</datafield>
<datafield tag="024" ind2=" " ind1="8">
<subfield code="a">https://uvadoc.uva.es/handle/10324/67366</subfield>
</datafield>
<datafield tag="024" ind2=" " ind1="8">
<subfield code="a">232</subfield>
</datafield>
<datafield tag="024" ind2=" " ind1="8">
<subfield code="a">251</subfield>
</datafield>
<datafield tag="024" ind2=" " ind1="8">
<subfield code="a">Global Music Cultures. An Introduction to World Music</subfield>
</datafield>
<datafield tag="245" ind1="0" ind2="0">
<subfield code="a">Music in Spain: Flamenco, Between the Local and the Global</subfield>
</datafield>
</record></metadata></record></GetRecord></OAI-PMH>